Villes de France par indice - Statistiques

Statistiques générales
  • Ce quiz a été pris 226 fois
  • Le résultat moyen est 12 sur 15
Statistiques - réponses
Indice Ville % Correct
Capitale française Paris
100%
Deuxième ville la plus peuplée de France Marseille
98%
Elle est souvent appelée la ville rose. Toulouse
98%
Ville de la moutarde Dijon
97%
Ville du cannelé, traversée par la Garonne Bordeaux
95%
Ses habitants sont les Stéphanois Saint-Étienne
92%
Autrefois surnommée Capitale des Gaules Lyon
91%
Préfecture de l'Hérault Montpellier
90%
Son maire est Christian Estrosi Nice
84%
Jeanne d'Arc la libéra en 1429. Orléans
81%
Surnommée "La Cité des Sacres" Reims
78%
La Cité des Papes Avignon
72%
Cette ville abrite un quartier appelé "La Petite France". Strasbourg
69%
Ville dans laquelle se situe le Stade de la Licorne Amiens
50%
Ville réputée pour sa pierre, qui servit autrefois à construire la Tour de Londres Caen
28%
Aucun quiz correspondant
Distribution des résultats
% des personnes avec chaque résultat
Percentile par nombre de réponses
Votre historique - résultats
Vous n’avez pas pris ce quiz